Socioeconomic and Environmental Implications of Agricultural Residue Burning: A Case Study of Punjab, India (Record no. 17156)
[ view plain ]
| 000 -LEADER | |
|---|---|
| fixed length control field | 00612nam a2200121Ia 4500 |
| 008 - FIXED-LENGTH DATA ELEMENTS--GENERAL INFORMATION | |
| fixed length control field | 220615s9999||||xx |||||||||||||| ||und|| |
| 100 ## - MAIN ENTRY--PERSONAL NAME | |
| Personal name | Kumar, Parmod||Kumar, Surender||Joshi, Laxmi |
| 245 #0 - TITLE STATEMENT | |
| Title | Socioeconomic and Environmental Implications of Agricultural Residue Burning: A Case Study of Punjab, India |
| 546 ## - LANGUAGE NOTE | |
| Language note | English[eng] |
| 650 ## - SUBJECT ADDED ENTRY--TOPICAL TERM | |
| Topical term or geographic name entry element | Organizational Studies, Economic Sociology||Environmental Economics||Community & Population Ecology |
| 856 ## - ELECTRONIC LOCATION AND ACCESS | |
| Uniform Resource Identifier | <a href="https://library.oapen.org/bitstream/20.500.12657/27961/1/1002038.pdf||https://library.oapen.org/bitstream/20.500.12657/27961/1/1002038.pdf">https://library.oapen.org/bitstream/20.500.12657/27961/1/1002038.pdf||https://library.oapen.org/bitstream/20.500.12657/27961/1/1002038.pdf</a> |
| 942 ## - ADDED ENTRY ELEMENTS (KOHA) | |
| Koha item type | E-Books |
| Withdrawn status | Lost status | Damaged status | Not for loan | Home library | Current library | Date acquired | Total Checkouts | Date last seen | Price effective from | Koha item type |
|---|---|---|---|---|---|---|---|---|---|---|
| Kerala University of Digital Sciences, Innovation and Technology Knowledge Centre | Kerala University of Digital Sciences, Innovation and Technology Knowledge Centre | 15/06/2022 | 15/06/2022 | 15/06/2022 | E-Books |